东北地级行政区距哈尔滨冰雪大世界距离排序 - Statistics

General Stats
  • This quiz has been taken 29 times
  • The average score is 30 of 40
Answers on the Map
Answers color-coded by a green-red scale on the quiz's map according to % correct below.
 
Answer Stats
Answer % Correct
3.6 哈尔滨市
100%
144.1 大庆市
96%
102.4 绥化市
92%
238.9 长春市
84%
267.6 齐齐哈尔市
84%
864.3 大连市
84%
152.8 松原市
80%
215.6 吉林市
80%
729.3 葫芦岛市
80%
276.5 牡丹江市
76%
277.8 伊春市
76%
289.8 白城市
76%
310.1 佳木斯市
76%
334.8 鹤岗市
76%
339.2 四平市
76%
340.4 辽源市
76%
344.3 七台河市
76%
347.3 鸡西市
76%
727.4 赤峰市
76%
351.6 兴安盟
72%
366.0 双鸭山市
72%
393.7 延边朝鲜族自治州
72%
414.9 通辽市
72%
426.5 白山市
72%
453.0 通化市
72%
455.5 铁岭市
72%
480.9 抚顺市
72%
501.9 黑河市
72%
519.3 沈阳市
72%
530.2 本溪市
72%
546.2 大兴安岭地区
72%
568.4 辽阳市
72%
572.5 阜新市
72%
633.7 呼伦贝尔市
72%
665.2 盘锦市
72%
667.0 丹东市
72%
672.7 营口市
72%
673.4 朝阳市
72%
680.5 锦州市
72%
593.6 鞍山市
68%
No matching quizzes found
Score Distribution
Percent of People with Each Score
Percentile by Number Answered
Your Score History
You have not taken this quiz